000 00857nas a2200265 4500
001 BR2013010732
003 BR-BrBNA
005 20231205123513.0
007 ta
008 230509b bl.|||p| |||| 00| 00por d
040 _aBR-BrBNA
_bpor
_cBiblioteca Nacional de Agricultura
041 _a(Pt)
072 _aN10; Q60
100 1 _aFerreira, R. de C.
100 1 _aFreire, W.J.
245 1 _aDesempenho físico-mecânico de minipainéis de terra crua tratada com aditivos químicos
650 _aMATERIAL DE CONSTRUÇÃO
650 _aTIJOLO
650 _aPROPRIEDADE MECÂNICA
650 _aCIMENTO
773 0 _tEngenharia Agrícola (Brazil)
_xISSN 0100-6916
_g(Sep-Dec 2005), v. 25(3) p. 585-597
_wBR2013010732
856 4 0 _uhttp://www.scielo.br/pdf/eagri/v25n3/28053.pdf
909 _a202311
_bLúcia
_c55
_dLúcia Elande
942 _2AGRIS
_n0
_cANA
999 _c234245
_d234245